000 00553nam a2200205Ia 4500
003 GCL
008 140319s9999 xx 000 0 eng d
040 _aGCL /
_cGCL
082 0 4 _aCC
_b291.23
_bB M
100 1 _aBUDGE, WALLIS
245 1 0 _aTHE MUMMY : HAND BOOK OF EGYPTIAN FUNERARY ARCHAEOLOGY /
_cBUDGE, WALLIS
260 _a[S.N] :
_bDOVER PUBLICATIONS ،
_c1998
300 _a513
650 0 4 _aMUMMIES
650 0 4 _aANCIENT EGYPT
650 0 4 _aHISTORY
650 0 4 _aARCHAEOLOGY
650 0 4 _aFUNERAL RITES AND CEREMONIES
942 _2ddc
_cBK
999 _c11118
_d11118